[Event "Challenge"]
[Site "http://www.queenalice.com/game.php?id=1070104"]
[Date "2012.6.9"]
[Round "-"]
[White "Dinhobergha"]
[Black "Phantom"]
[Result "1-0"]
[WhiteElo "1635"]
[BlackElo "1302"]

1. e4 e5 2. d4 Nc6 3. Nf3 f6 4. d5 Nb8 5. Nc3 a6 6. Be2 Bb4 7. Bd2 Bxc3 8. Bxc3
d6 9. O-O g5 10. a4 a5 11. Bb5+ Bd7 12. Bc4 Nh6 13. h3 Bxh3 14. gxh3 Qd7 15.
Nxe5 fxe5 16. Qh5+ Nf7 17. Bb5 c6 18. dxc6 bxc6 19. Bc4 1-0

[Event "Challenge"]
[Site "http://www.queenalice.com/game.php?id=1070106"]
[Date "2012.6.9"]
[Round "-"]
[White "Dinhobergha"]
[Black "Lintz"]
[Result "1-0"]
[WhiteElo "1648"]
[BlackElo "1855"]

1. e4 e5 2. d4 exd4 3. Nf3 c5 4. c3 Nc6 5. Bc4 Be7 6. O-O d6 7. Bd5 Bd7 8. Nbd2
Nf6 9. Nc4 b5 10. Ncd2 O-O 11. cxd4 c4 12. b4 Nxd5 13. exd5 Nxb4 14. Ne4 Nxd5
15. Qc2 g6 16. Qd2 c3 17. Nxc3 Bc6 18. Nxd5 Bxd5 19. Ne1 Bf6 20. Bb2 a5 21. a3
Ra7 22. Nc2 Re8 23. Rfe1 Ra8 24. Bc3 Bg7 25. Rxe8+ Qxe8 26. Re1 Qc6 27. f3 Qc7
28. Ne3 Bb7 29. h3 Qd8 30. Kh2 Bh6 31. Qf2 f5 32. h4 Qd7 33. Qd2 Qd8 34. Kh3 Qd7
35. Kh2 f4 36. Ng4 Bg7 37. Qxf4 Rf8 38. Qe3 a4 39. Kg3 d5 40. Bb4 Rc8 41. Qf4
Qf5 42. Qd6 Bf8 43. Qb6 Bxb4 44. Nh6+ 1-0

[Event "AUTO-INT-2347"]
[Site "http://www.queenalice.com/game.php?id=1070274"]
[Date "2012.6.9"]
[Round "1"]
[White "cranioque"]
[Black "Dinhobergha"]
[Result "1-0"]
[WhiteElo "1522"]
[BlackElo "1725"]

1. e4 c5 2. Qh5 Nf6 3. Qxc5 Nxe4 4. Qd5 Nf6 5. Qf3 d5 6. Nc3 Bg4 7. Qf4 a6 8. d4
Nc6 9. h3 Be6 10. Be3 Nb4 11. O-O-O Bd7 12. Nf3 e6 13. a3 Nc6 14. g4 h6 15. Bd3
Qb6 16. Na4 Qa5 17. Nc3 h5 18. g5 Nh7 19. Nh4 O-O-O 20. Qxf7 Be8 21. Qxe6+ Bd7
22. Qg6 Be8 23. Bf5+ Kb8 24. Bf4+ Ka7 25. Qe6 Bd7 26. Qf7 Be8 27. Qc7 Qxc7 28.
Bxc7 Ra8 29. Bxh7 Rxh7 30. Nxd5 g6 31. Rde1 Bf7 32. Nf6 Rh8 33. Nd7 Bg7 34. Bb6#
1-0

[Event "AUTO-INT-2347"]
[Site "http://www.queenalice.com/game.php?id=1070275"]
[Date "2012.6.9"]
[Round "1"]
[White "Dinhobergha"]
[Black "cranioque"]
[Result "1/2-1/2"]
[WhiteElo "1701"]
[BlackElo "1546"]

1. e4 e5 2. Bc4 Nf6 3. Nf3 Nxe4 4. Bd3 d5 5. Nxe5 Bc5 6. Bxe4 dxe4 7. Nc3 Qf6 8.
Nxe4 Qxe5 9. d3 Bf5 10. O-O Bxe4 11. dxe4 O-O 12. c3 Nc6 13. a4 Qxe4 14. Re1 Qf5
15. Rf1 Rfd8 16. Qe2 Re8 17. Be3 Bxe3 18. fxe3 Qe4 19. Kh1 Re5 20. Qf2 Nd8 21.
Rad1 h6 22. Rd7 Rh5 23. Rxf7 Nxf7 24. Qxf7+ Kh7 25. Qxh5 Rd8 26. Kg1 Qxe3+ 27.
Kh1 Rf8 28. Rd1 Qd3 29. h3 Rf1+ 30. Rxf1 Qxf1+ 31. Kh2 Qf4+ 32. Kh1 Qxa4 33.
Qf5+ Kg8 34. Qe6+ Kh7 1/2-1/2

[Event "AUTO-INT-2347"]
[Site "http://www.queenalice.com/game.php?id=1070288"]
[Date "2012.6.9"]
[Round "1"]
[White "Quiaseze"]
[Black "Dinhobergha"]
[Result "1-0"]
[WhiteElo "1663"]
[BlackElo "1695"]

1. e4 c5 2. Bc4 d6 3. Nf3 h6 4. d3 Nf6 5. O-O e5 6. c3 Be7 7. Qa4+ Bd7 8. Bb5
O-O 9. c4 Bxb5 10. Qxb5 Qc7 11. Nc3 a6 12. Qa4 Nc6 13. a3 b5 14. cxb5 axb5 15.
Qxb5 Rab8 16. Qa6 Ra8 17. Nb5 Qd7 18. Qb6 Ra5 19. Bd2 Raa8 20. Nc7 Rfb8 21. Nxa8
Rxb6 22. Nxb6 Qb7 23. Nc4 Qa6 24. Rac1 g5 25. Rc3 Qb5 26. b3 Nd4 27. a4 Qb4 28.
Re1 d5 29. Ncxe5 Bd6 30. exd5 Nxf3+ 31. Nxf3 Nxd5 32. Re4 Qb8 33. Rc1 Qxb3 34.
Re8+ Kg7 35. Ne5 Qb2 36. Nc4 Qa2 37. a5 Bc7 38. Be3 Nxe3 39. fxe3 Bxa5 40. h3
Bc7 41. Rf1 Qe2 42. Re7 Bd8 43. Rexf7+ 1-0

[Event "AUTO-INT-2347"]
[Site "http://www.queenalice.com/game.php?id=1070289"]
[Date "2012.6.9"]
[Round "1"]
[White "Dinhobergha"]
[Black "Quiaseze"]
[Result "1-0"]
[WhiteElo "1691"]
[BlackElo "1552"]

1. e4 e5 2. d4 Nc6 3. Nf3 Nf6 4. dxe5 Nxe4 5. Bd3 Nc5 6. O-O Qe7 7. Re1 Qe6 8.
Ng5 Qh6 9. Ne4 Qe6 10. Nxc5 Bxc5 11. Be3 Qd5 12. Nc3 Nb4 13. Nxd5 Nxd5 14. Bxc5
b6 15. Ba3 Bb7 16. Bc4 c6 17. Bxd5 cxd5 18. Qf3 d4 19. Qxb7 Rd8 20. Qxa7 g6 21.
Qxb6 Rc8 22. Qd6 Kd8 23. Qe7+ Kc7 24. Qxf7 1-0

[Event "AUTO-INT-2347"]
[Site "http://www.queenalice.com/game.php?id=1070296"]
[Date "2012.6.9"]
[Round "1"]
[White "TIKAR"]
[Black "Dinhobergha"]
[Result "1-0"]
[WhiteElo "1593"]
[BlackElo "1653"]

1. e4 Nf6 2. e5 Nd5 3. Qf3 e6 4. Bc4 Nb4 5. Na3 d5 6. exd6 Bxd6 7. c3 N4c6 8. d4
Bxa3 9. bxa3 O-O 10. Ne2 Nd7 11. Qg3 Qf6 12. Bg5 Qf5 13. Bh6 Qf6 14. Bg5 Qf5 15.
Nf4 Nf6 16. Bd3 Qa5 17. O-O Qxc3 18. Bxf6 g6 19. Qh4 Nxd4 20. Rac1 Ne2+ 21. Kh1
Nxc1 22. Bxc3 Nxa2 23. Bf6 Bd7 24. Qh6 1-0

[Event "AUTO-INT-2347"]
[Site "http://www.queenalice.com/game.php?id=1070297"]
[Date "2012.6.9"]
[Round "1"]
[White "Dinhobergha"]
[Black "TIKAR"]
[Result "1-0"]
[WhiteElo "1639"]
[BlackElo "1586"]

1. e4 e5 2. d4 d5 3. exd5 Qxd5 4. Nc3 Qe6 5. dxe5 Qxe5+ 6. Be2 b6 7. Nf3 Qa5 8.
Bd2 Nf6 9. O-O Bd6 10. Ne4 Qh5 11. Nxd6+ Kd7 12. Bb4 Nd5 13. Nb5 Ke8 14. Nfd4
Qg5 15. Bd2 Nf4 16. Bf3 c6 17. Nc7+ Kd8 18. Nxa8 Nh3+ 19. Kh1 Nf4 20. Nxc6+ Nxc6
21. Bxf4+ 1-0

[Event "Challenge"]
[Site "http://www.queenalice.com/game.php?id=1076999"]
[Date "2012.6.27"]
[Round "-"]
[White "Dinhobergha"]
[Black "lincolnmarley"]
[Result "1/2-1/2"]
[WhiteElo "1651"]
[BlackElo "1477"]

1. e4 c5 2. Nc3 e6 3. Nf3 d6 4. Bc4 Be7 5. d4 cxd4 6. Nxd4 a6 7. O-O b5 8. Bd3
Nf6 9. h3 Bb7 10. Re1 Nc6 11. Nxc6 Bxc6 12. b4 O-O 13. Qe2 e5 14. Qe3 Rb8 15.
Qg3 g6 16. Bh6 Re8 17. Be2 Nxe4 18. Nxe4 Bxe4 19. c3 Bc6 20. f3 f5 21. Bd3 f4
22. Qf2 Bh4 23. Qa7 Rb7 24. Qxa6 Rb6 25. Qa7 Re7 26. Qa3 Bxe1 27. Rxe1 Reb7 28.
Qb3+ d5 29. Rxe5 Re7 30. Bg5 Rbb7 31. Bxe7 Rxe7 32. Rxe7 Qxe7 33. Qb1 Qe3+ 34.
Kh2 Kg7 35. Qc2 Qe5 1/2-1/2

[Event "AUTO-INT-2373"]
[Site "http://www.queenalice.com/game.php?id=1079518"]
[Date "2012.7.5"]
[Round "1"]
[White "Dinhobergha"]
[Black "tango2011"]
[Result "1-0"]
[WhiteElo "1731"]
[BlackElo "1474"]

1. e4 c5 2. b3 d6 3. Nc3 e6 4. Bb2 Nf6 5. Nf3 Be7 6. Be2 O-O 7. O-O b6 8. e5
Nfd7 9. exd6 Bxd6 10. Ne4 Bf4 11. d4 cxd4 12. Qxd4 e5 13. Qd5 Qc7 14. Qxa8 Nc6
15. Bb5 Bb7 16. Qxa7 Nxa7 17. Bd3 f6 18. Ba3 Re8 19. Nd6 Re6 20. Bc4 Nc5 21.
Bxc5 bxc5 22. Nxb7 Kf7 23. Bd5 Ke7 24. c4 Rb6 25. Rfd1 Nc6 26. Nxc5 Nb4 27. Ne6
Rxe6 28. Bxe6 Kxe6 29. g3 Bh6 30. Kg2 Qc6 31. Rd8 Qe4 32. Re1 Qc2 33. Nd4+ Ke7
34. Nxc2 Nxa2 35. Red1 Kf7 36. Ne3 Bxe3 37. fxe3 Nc3 38. R1d3 Ne4 39. b4 Ng5 40.
b5 Ne6 41. R8d7+ Kg6 42. Rd1 Nc5 43. b6 1-0

[Event "AUTO-INT-2373"]
[Site "http://www.queenalice.com/game.php?id=1079519"]
[Date "2012.7.5"]
[Round "1"]
[White "tango2011"]
[Black "Dinhobergha"]
[Result "0-1"]
[WhiteElo "1489"]
[BlackElo "1737"]

1. d4 g6 2. e3 Bg7 3. Nf3 Nf6 4. Bd3 d5 5. c4 Nc6 6. O-O dxc4 7. Bxc4 Bg4 8.
Nbd2 O-O 9. Qb3 Na5 10. Qb4 Nxc4 11. Qxc4 Be6 12. Qb4 Bd5 13. b3 a5 14. Qb5 Bxf3
15. Nxf3 Bh6 16. Qxb7 Nd5 17. Ne5 Rb8 18. Qa6 Ra8 19. Qd3 Nb4 20. Qc4 e6 21. Ba3
Rb8 22. Bxb4 Rxb4 23. Qc5 Bg7 24. Nc6 Qf6 25. Nxa5 Rb6 26. Qxc7 e5 27. Nc4 Rc6
28. dxe5 Qe6 29. f4 Rxc7 30. Rfd1 Rcc8 31. Rd6 Qf5 32. Nb6 Rcd8 33. Rad1 Rxd6
34. Rxd6 Qb1+ 35. Kf2 Qxa2+ 36. Kf3 Qxb3 37. Nd7 Qb7+ 38. Kg3 Rc8 39. Nf6+ Bxf6
40. Rxf6 h5 41. h3 Qb1 42. e6 fxe6 43. Rxg6+ Qxg6+ 0-1

[Event "AUTO-INT-2373"]
[Site "http://www.queenalice.com/game.php?id=1079520"]
[Date "2012.7.5"]
[Round "1"]
[White "Dinhobergha"]
[Black "GustavoFS"]
[Result "1-0"]
[WhiteElo "1635"]
[BlackElo "1777"]

1. e4 e5 2. Nc3 Nf6 3. Nf3 Nc6 4. Bc4 Qe7 5. d3 Na5 6. Nb5 Nxc4 7. Nxc7+ Kd8 8.
Nxa8 Nb6 9. Nxb6 axb6 10. Be3 Qb4+ 11. Bd2 Qd6 12. O-O Be7 13. Bc3 h5 14. Ng5
Ng4 15. Nxf7+ Ke8 16. Nxd6+ Bxd6 17. d4 exd4 18. Bxd4 Rf8 19. f3 Ne5 20. Bxe5
Bxe5 21. Qd5 d6 22. a4 Rf6 23. a5 b5 24. Qxb5+ Ke7 25. Qb6 h4 26. Qc7+ Bd7 27.
Qxb7 h3 28. Rf2 Rg6 29. g4 Rf6 30. a6 Bd4 31. a7 d5 32. a8=Q Rc6 33. Qxc6 Bxc6
34. Qxc6 Bxb2 35. Qb7+ 1-0

[Event "AUTO-INT-2373"]
[Site "http://www.queenalice.com/game.php?id=1079521"]
[Date "2012.7.5"]
[Round "1"]
[White "GustavoFS"]
[Black "Dinhobergha"]
[Result "0-1"]
[WhiteElo "1738"]
[BlackElo "1672"]

1. e4 b6 2. Nf3 Bb7 3. Nc3 Nf6 4. d3 e6 5. Bd2 d6 6. Be2 Nc6 7. O-O Be7 8. Be3
h6 9. Qd2 Qd7 10. Nb5 a6 11. Nc3 d5 12. d4 Nxe4 13. Nxe4 dxe4 14. Ne1 O-O-O 15.
c3 f5 16. f4 Qd6 17. a4 g5 18. Nc2 a5 19. Na3 g4 20. g3 h5 21. Nc4 Qd7 22. Ne5
Nxe5 23. fxe5 Bd5 24. c4 Bc6 25. Rfd1 Bxa4 26. Rdc1 Bb4 27. Rc3 Bxc3 28. bxc3 h4
29. c5 b5 30. c4 b4 31. c6 Qxc6 32. Bg5 hxg3 33. Bxd8 gxh2+ 34. Kg2 e3+ 35. d5
exd2 36. dxc6 Bxc6+ 37. Kg3 h1=Q 38. Rxh1 Bxh1 39. Bg5 f4+ 40. Bxf4 Rd8 0-1

[Event "AUTO-INT-2373"]
[Site "http://www.queenalice.com/game.php?id=1079522"]
[Date "2012.7.5"]
[Round "1"]
[White "Dinhobergha"]
[Black "Duduca10"]
[Result "1-0"]
[WhiteElo "1713"]
[BlackElo "1757"]

1. e4 e5 2. b3 d6 3. Bb2 Nf6 4. Nc3 c6 5. a4 Be7 6. Bc4 Be6 7. Bxe6 fxe6 8. Nf3
Nbd7 9. h4 d5 10. h5 h6 11. exd5 exd5 12. Nh4 Nf8 13. Nf5 Rg8 14. Qe2 Qc7 15.
O-O-O O-O-O 16. f3 d4 17. Ne4 Nxe4 18. fxe4 Ne6 19. g3 Bg5 20. Qc4 Rde8 21. Qb4
Rd8 22. a5 a6 23. Kb1 Rd7 24. Ba3 Rf8 25. Rhf1 c5 26. Qc4 Rf6 27. g4 Kb8 28. b4
cxb4 29. Qxb4 Nf4 30. Ka1 Qxc2 31. Rc1 Qd3 32. Qc5 Rc6 33. Qxe5+ Ka7 34. Bb2 Re6
35. Qc5+ b6 36. Qc8 Qxe4 37. Qxd7+ Kb8 38. Rc8# 1-0

[Event "AUTO-INT-2373"]
[Site "http://www.queenalice.com/game.php?id=1079523"]
[Date "2012.7.5"]
[Round "1"]
[White "Duduca10"]
[Black "Dinhobergha"]
[Result "1-0"]
[WhiteElo "1687"]
[BlackElo "1743"]

1. e4 b6 2. d4 Bb7 3. Nc3 e6 4. a3 Nc6 5. Be3 d5 6. e5 f6 7. f4 f5 8. g4 Be7 9.
g5 Qd7 10. h4 g6 11. Be2 h5 12. Qd2 a6 13. O-O-O b5 14. Nh3 b4 15. axb4 Bxb4 16.
Qe1 O-O-O 17. Bd2 Nxd4 18. Bf1 Nf3 19. Qf2 Nxd2 20. Rxd2 d4 21. Rg1 Bxc3 22.
bxc3 Qa4 23. Kd1 Qa1+ 24. Ke2 Qxc3 25. Rg3 Qc4+ 26. Ke1 Qb4 27. Bd3 a5 28. Kf1
a4 29. Rd1 Qc3 30. Qe1 Qc6 31. Nf2 Kd7 32. Rb1 Ba6 33. Qe2 Bxd3 34. Qxd3 Ke8 35.
Rd1 Ne7 36. c3 Nd5 37. cxd4 Nxf4 38. Qf3 Qc4+ 39. Nd3 Nxd3 40. Qxd3 Qc6 41. Kf2
Ra8 42. Ra1 Qb6 43. Ra2 Kf7 44. Rg1 Ra7 45. Rb1 Qc6 46. Rc2 Qd7 47. Rbc1 Rc8 48.
Ra2 Qd5 49. Rca1 Rca8 50. Qd1 a3 51. Ke3 1-0

[Event "AUTO-INT-2378"]
[Site "http://www.queenalice.com/game.php?id=1081354"]
[Date "2012.7.10"]
[Round "1"]
[White "Duduca10"]
[Black "Dinhobergha"]
[Result "1-0"]
[WhiteElo "1839"]
[BlackElo "1657"]

1. e4 e6 2. d4 d5 3. e5 Nc6 4. Nf3 f6 5. Nc3 Bb4 6. Bd2 h6 7. a3 Ba5 8. Be2 Nxd4
9. Nxd4 fxe5 10. Nf3 Nf6 11. Nxe5 Bb6 12. Bh5+ Ke7 13. Nf7 Qf8 14. Nxh8 Qxh8 15.
O-O Bd7 16. Be2 g6 17. Qc1 h5 18. Re1 h4 19. h3 Rf8 20. Be3 d4 21. Bb5 dxc3 22.
Bxd7 Nxd7 23. Bxb6 cxb2 24. Qg5+ Kf7 25. Qf4+ Ke8 26. Rxe6+ Kd8 27. Qxc7# 1-0

[Event "AUTO-INT-2378"]
[Site "http://www.queenalice.com/game.php?id=1081355"]
[Date "2012.7.10"]
[Round "1"]
[White "Dinhobergha"]
[Black "Duduca10"]
[Result "0-1"]
[WhiteElo "1644"]
[BlackElo "1807"]

1. e4 e5 2. d4 exd4 3. Nf3 c5 4. c3 dxc3 5. Bc4 Nc6 6. Nxc3 h6 7. O-O d6 8. Re1
Be7 9. Qd5 Be6 10. Qd3 Nf6 11. Bb5 Bd7 12. e5 Nxe5 13. Nxe5 dxe5 14. Rxe5 O-O
15. Bxh6 gxh6 16. Bxd7 Nxd7 17. Rh5 Bg5 18. h4 Nf6 19. Rxg5+ hxg5 20. Qf5 Nh7
21. Nd5 Re8 22. hxg5 Qxg5 23. Qf3 Rab8 24. Rc1 Qxc1+ 25. Kh2 Qh6+ 26. Kg1 Re1#
0-1

[Event "AUTO-INT-2378"]
[Site "http://www.queenalice.com/game.php?id=1081368"]
[Date "2012.7.10"]
[Round "1"]
[White "Goudan"]
[Black "Dinhobergha"]
[Result "1-0"]
[WhiteElo "1463"]
[BlackElo "1585"]

1. e4 e5 2. Nf3 Nc6 3. Nc3 Nf6 4. d3 Bb4 5. Bd2 h6 6. a3 Bc5 7. Be2 Nd4 8. Nxd4
Bxd4 9. O-O d6 10. Nd5 Nxd5 11. exd5 Bxb2 12. Ra2 Bd4 13. c3 Bc5 14. Qa4+ Bd7
15. Qc2 O-O 16. Be3 Bxe3 17. fxe3 Qe8 18. Qb3 b6 19. d4 exd4 20. exd4 Qe3+ 21.
Rf2 Rfe8 22. Bb5 Bxb5 23. Qxb5 Qxc3 24. Rac2 Qa1+ 25. Rf1 Qxd4+ 26. Rcf2 1-0

[Event "AUTO-INT-2378"]
[Site "http://www.queenalice.com/game.php?id=1081369"]
[Date "2012.7.10"]
[Round "1"]
[White "Dinhobergha"]
[Black "Goudan"]
[Result "0-1"]
[WhiteElo "1608"]
[BlackElo "1440"]

1. e4 e5 2. d4 exd4 3. Nf3 Nc6 4. c3 dxc3 5. Bc4 Nf6 6. Nxc3 Bc5 7. Ng5 O-O 8.
O-O Qe7 9. Re1 h6 10. Nf3 a6 11. Nd5 Nxd5 12. exd5 Qd6 13. dxc6 Qxd1 14. Rxd1
dxc6 15. Bf4 b5 16. Be2 Bb6 17. Ne5 Re8 18. Bf3 g5 19. Bg3 h5 20. Bxh5 Re7 21.
Rd8+ Kg7 22. Nxc6 Re6 23. Ne5 c5 24. Rd2 c4 25. Bxf7 Rf6 26. Rd8 Bxd8 0-1

[Event "AUTO-INT-2378"]
[Site "http://www.queenalice.com/game.php?id=1081376"]
[Date "2012.7.10"]
[Round "1"]
[White "NickThorp"]
[Black "Dinhobergha"]
[Result "0-1"]
[WhiteElo "1605"]
[BlackElo "1701"]

1. e4 Nc6 2. Bb5 Nd4 3. Bd3 e5 4. Nf3 Nxf3+ 5. gxf3 Nf6 6. Nc3 Bb4 7. a3 Bc5 8.
b4 Bd4 9. Bb2 Nh5 10. f4 Nxf4 11. Qg4 O-O 12. O-O-O d5 13. Qf3 dxe4 14. Bxe4 c6
15. Ne2 Bxb2+ 16. Kxb2 Nxe2 17. Qxe2 Be6 18. Qh5 Qd4+ 19. c3 Qxe4 20. Rde1 Qd5
21. Qd1 Qa2+ 22. Kc1 Qa1+ 23. Kc2 Qa2+ 24. Kd3 Bf5+ 25. Ke3 e4 26. Qa4 Rfd8 27.
d4 Qc4 28. Qc2 Rxd4 29. Rd1 Rd3+ 30. Rxd3 exd3 0-1

[Event "AUTO-INT-2378"]
[Site "http://www.queenalice.com/game.php?id=1081377"]
[Date "2012.7.10"]
[Round "1"]
[White "Dinhobergha"]
[Black "NickThorp"]
[Result "1-0"]
[WhiteElo "1638"]
[BlackElo "1567"]

1. e4 e5 2. d4 exd4 3. Nf3 c5 4. c3 dxc3 5. Bc4 cxb2 6. Bxb2 d6 7. e5 Qe7 8. O-O
dxe5 9. Nxe5 Qxe5 10. Re1 Qxe1+ 11. Qxe1+ Be7 12. Bxg7 b5 13. Bd5 1-0